| 000 | 01210 a2200253 4500 | ||
|---|---|---|---|
| 003 | Nust | ||
| 005 | 20170207171534.0 | ||
| 010 | _a 2005030149 | ||
| 020 | _a0470863358 (hbk.) | ||
| 020 | _a9780470863350 (hbk.) | ||
| 035 | _a(OCoLC)ocm62134663 | ||
| 040 | _cNust | ||
| 082 | 0 | 0 | _a629.89 |
| 100 | 1 | _aIbrahim, Dogan. | |
| 245 | 1 | 0 |
_aMicrocontroller based applied digital control (EBOOK) _cDogan Ibrahim. |
| 260 |
_aChichester, England ; _aHoboken, NJ : _bJohn Wiley, _cc2006. |
||
| 300 |
_axii, 311 p. : _bill. ; _c25 cm. |
||
| 505 | 0 | _aSystem modelling -- The PIC microcontroller -- Programming PIC microcontrollers in C -- Microcontroller project development -- Sampled data systems and the z-transform -- System time response characteristics -- System stability -- Discrete controller design -- Controller realization -- Liquid level digital control system : a case study. | |
| 650 | 0 |
_aDigital control systems _xDesign and construction. |
|
| 650 | 0 | _aMicroprocessors. | |
| 650 | 0 |
_aProcess control _xData processing. |
|
| 856 | 4 | 1 |
_3Publisher description _uhttp://www.loc.gov/catdir/enhancements/fy0623/2005030149-d.html |
| 856 | 4 | 1 |
_3Table of contents _uhttp://www.loc.gov/catdir/toc/ecip062/2005030149.html |
| 942 |
_2ddc _cBK |
||
| 999 |
_c217144 _d217144 |
||